MLB San Diego Padres Best Players - Statistics

General Stats
  • This quiz has been taken 28 times
  • The average score is 9 of 24
Answer Stats
WAR Years Player Pos. Awards % Correct
69.1 1982 - 2001 Tony Gwynn RF 5x GG, 7x SS
100%
25.8 2019 - Active Manny Machado 3B 2x SS
96%
24.6 2019 - Active Fernando Tatis Jr. RF GG, 2x SS
81%
26.8 2002 - 2009 Jake Peavy P 2007 Cy Young
78%
32.0 1973 - 1980 Dave Winfield RF 2x GG
70%
25.8 1993 - 2008 Trevor Hoffman P
67%
20.4 2006 - 2010 Adrián González 1B 2x GG
59%
17.5 1995 - 1998 Ken Caminiti 3B 3x GG, SS, 1996 MVP
59%
19.8 1973 - 1980 Randy Jones P 1976 Cy Young
52%
17.2 1969 - 1974 Nate Colbert 1B
41%
16.9 1981 - 1986 Terry Kennedy C SS
26%
18.3 2007 - 2014, 2018 Chase Headley 3B GG, SS
19%
16.4 1981 - 1990 Eric Show P
19%
15.1 2021 - 2024 Ha-Seong Kim SS GG
19%
17.8 1999 - 2005 Phil Nevin 3B
19%
15.7 2000 - 2006 Ryan Klesko 1B
15%
20.2 1989 - 1995 Andy Benes P
11%
19.8 1977 - 1980 Gene Tenace C
11%
22.5 1993 - 1999, 2004 Andy Ashby P
7%
17.4 2003 - 2009 Brian Giles RF
7%
15.8 1983 - 1984, 1986 - 1991 Ed Whitson P
7%
19.0 1977 - 1983 Gene Richards LF
4%
15.4 1988 - 1993 Greg Harris P
0%
14.7 1994 - 1998 Joey Hamilton P
0%
No matching quizzes found
Score Distribution
Percent of People with Each Score
Percentile by Number Answered
Your Score History
You have not taken this quiz